00478nam a2200193 a 4500001001300000003000900013005001700022008004100039020001100080082001500091100002600106245002700132260002300159300000900182500003500191505001000226650002200236700002600258nice12345678IN_TiNIC20260116011843.0050524s1963 lona grp 000 0 eng  ac40.800a248.3bALL aAllison, G Fitzsimons aFear, Love and Worship aLondonbSpckc1963 a143p aincludes index and biblioraphy2 aIndex aWorship-Christian1 aAllison, G Fitzsimons